Analýza procesov pre výrobu PES technického vlákna

Gespeichert in:
Bibliographische Detailangaben
1. Verfasser: Lacho, Lukáš (Verfasst von)
Weitere Verfasser: Valo, Richard (Betreuung Doktorarbeit)
Format: Manuskript Buch
Sprache:Slowakisch
Schlagworte:
Online-Zugang:http://is.stuba.sk/zp/portal_zp.pl?podrobnosti=103275
Tags: Tag hinzufügen
Keine Tags, Fügen Sie das erste Tag hinzu!

MARC

LEADER 00000ntm a22000003a 4500
001 stuzp43217
003 SK-STU
005 20160229160100.8
007 ta
008 150427s2015----xo-----f-mn---000-0-slo-d
040 |a STU  |b slo 
041 0 |a slo 
100 1 |a Lacho, Lukáš  |u 047000  |4 aut  |U FCHPT Fakulta chemickej a potravinárskej technológie  |T FCHPT Ústav informatizácie, automatizácie a matematiky  |X 50930  |U C7000  |Y 105  |7 50930 
242 0 1 |a Process analysis for production of PES technical fibre  |y eng 
245 1 0 |a Analýza procesov pre výrobu PES technického vlákna 
650 4 |a MS Excel 2010  |2 slo 
650 4 |a csv  |2 slo 
650 4 |a PES technické vlákno  |2 slo 
650 4 |a MS Excel 2010  |2 eng 
650 4 |a PES technical fibre  |2 eng 
650 4 |a csv  |2 eng 
700 1 |a Valo, Richard  |4 ths  |X 10204  |7 10204 
856 4 |u http://is.stuba.sk/zp/portal_zp.pl?podrobnosti=103275 
SQL |a stuzp43217  |b DDP  |c SLO  |d Analýza procesov pre výrobu PES technického vlákna  |e 50930  |f Lacho, Lukáš  |g 047000  |h 10204  |i Valo, Richard  |j 20140609  |k 113  |l 04  |m http://is.stuba.sk/zp/portal_zp.pl?podrobnosti=103275